<?xml version="1.0" encoding="UTF-8"?>
<collection xmlns="http://www.loc.gov/MARC21/slim">
 <record>
  <leader>01327pam a22003138a 4500</leader>
  <controlfield tag="001">00030293</controlfield>
  <controlfield tag="005">20171026081022.0</controlfield>
  <controlfield tag="008">130108s2003                  ||||||engsd</controlfield>
  <datafield tag="020" ind1="#" ind2="#">
   <subfield code="a">9780333988886</subfield>
  </datafield>
  <datafield tag="041" ind1="0" ind2="#">
   <subfield code="a">eng</subfield>
  </datafield>
  <datafield tag="082" ind1="1" ind2="4">
   <subfield code="a">428</subfield>
   <subfield code="b">L200T</subfield>
  </datafield>
  <datafield tag="100" ind1="1" ind2="#">
   <subfield code="a">Lougheed, Lin</subfield>
  </datafield>
  <datafield tag="245" ind1="1" ind2="0">
   <subfield code="a">Learning to listen</subfield>
   <subfield code="c">Lin Lougheed</subfield>
   <subfield code="b">Making sense of spoken English. Student book 2</subfield>
  </datafield>
  <datafield tag="260" ind1="#" ind2="#">
   <subfield code="a">New York</subfield>
   <subfield code="b">Macmillan</subfield>
   <subfield code="c">2003</subfield>
  </datafield>
  <datafield tag="300" ind1="#" ind2="#">
   <subfield code="a">79 p.</subfield>
   <subfield code="b">ill.</subfield>
   <subfield code="c">26 cm</subfield>
  </datafield>
  <datafield tag="500" ind1="#" ind2="#">
   <subfield code="a">Includes TOEIC C- style listening practice</subfield>
  </datafield>
  <datafield tag="653" ind1="#" ind2="#">
   <subfield code="a">Kỹ năng nghe</subfield>
  </datafield>
  <datafield tag="653" ind1="#" ind2="#">
   <subfield code="a">Luyện thi</subfield>
  </datafield>
  <datafield tag="653" ind1="#" ind2="#">
   <subfield code="a">Tiếng Anh</subfield>
  </datafield>
  <datafield tag="852" ind1="#" ind2="#">
   <subfield code="b">Kho giáo trình</subfield>
   <subfield code="j">KGT.0035454, KGT.0035554, KGT.0035555, KGT.0035556, KGT.0035557, KGT.0036125, KGT.0036126, KGT.0036127, KGT.0036128, KGT.0036129, KGT.0036130, KGT.0036131, KGT.0036132, KGT.0036133</subfield>
  </datafield>
  <datafield tag="852" ind1="#" ind2="#">
   <subfield code="b">Kho mượn</subfield>
   <subfield code="j">KGT.0035454</subfield>
  </datafield>
  <datafield tag="852" ind1="#" ind2="#">
   <subfield code="b">Kho đọc</subfield>
   <subfield code="j">KD.0014316</subfield>
  </datafield>
  <datafield tag="852" ind1="#" ind2="#">
   <subfield code="j">KGT.0036126</subfield>
   <subfield code="j">KGT.0036127</subfield>
   <subfield code="j">KGT.0036128</subfield>
   <subfield code="j">KGT.0036130</subfield>
   <subfield code="j">KGT.0036131</subfield>
   <subfield code="j">KGT.0035566</subfield>
   <subfield code="j">KGT.0035567</subfield>
   <subfield code="j">KGT.0035569</subfield>
   <subfield code="j">KGT.0035555</subfield>
   <subfield code="j">KGT.0035556</subfield>
   <subfield code="j">KD.0014316</subfield>
   <subfield code="j">KGT.0036133</subfield>
   <subfield code="j">KGT.0035554</subfield>
   <subfield code="j">KGT.0035565</subfield>
   <subfield code="j">KGT.0035568</subfield>
   <subfield code="j">KGT.0036125</subfield>
   <subfield code="j">KGT.0036129</subfield>
   <subfield code="j">KGT.0036132</subfield>
   <subfield code="j">KGT.0035454</subfield>
   <subfield code="j">KGT.0035557</subfield>
  </datafield>
  <datafield tag="910" ind1="0" ind2="#">
   <subfield code="d">08/01/2013</subfield>
  </datafield>
  <datafield tag="980" ind1="#" ind2="#">
   <subfield code="a">Trung tâm Học liệu Lê Vũ Hùng, Trường Đại học Đồng Tháp</subfield>
  </datafield>
 </record>
</collection>
